Integrované posudzovanie rozvojových stratégií a zámerov činnosti bakalárska práca

Gespeichert in:
Bibliographische Detailangaben
1. Verfasser: Kajlová, Alena
Körperschaft: Podnikovohospodárska fakulta EU so sídlom v Košiciach. Katedra manažmentu
Weitere Verfasser: Majerník, Milan
Format: Buch
Sprache:Slowakisch
Veröffentlicht: Košice 2017
Tags: Tag hinzufügen
Keine Tags, Fügen Sie das erste Tag hinzu!

MARC

LEADER 00000nbm a2200000 4500
001 0235310
005 20171113105526.2
041 0 |a slo 
044 |a SK 
245 1 0 |a Integrované posudzovanie rozvojových stratégií a zámerov činnosti  |b bakalárska práca  |c Alena Kajlová ; školiteľ: Milan Majerník 
264 1 |a Košice  |c 2017 
300 |a 48 s. 
100 1 |a Kajlová, Alena 
700 1 |a Majerník, Milan 
710 2 |a Podnikovohospodárska fakulta EU so sídlom v Košiciach. Katedra manažmentu